Zielen i wypoczynek
Saved in:
| Main Author: | |
|---|---|
| Format: | Book |
| Language: | Polish |
| Published: |
Warszawa
Instytut ksztaltowania srodowiska
1983
|
| Series: | Ksztaltowanie obiektów i zespolów uslugowych
|
| Tags: |
No Tags, Be the first to tag this record!
|
MARC
| LEADER | 00000nam a2200000 4500 | ||
|---|---|---|---|
| 001 | c116619 | ||
| 005 | 20041019155205.1 | ||
| 041 | 0 | |a pol | |
| 044 | |a PL | ||
| 245 | 1 | 0 | |a Zielen i wypoczynek |c Krystyna Piatkowska |
| 264 | 1 | |a Warszawa |b Instytut ksztaltowania srodowiska |c 1983 | |
| 300 | |a 139 s. | ||
| 490 | 1 | |a Ksztaltowanie obiektów i zespolów uslugowych | |
| 830 | 0 | |a Ksztaltowanie obiektów i zespolów uslugowych | |
| 100 | 1 | |a Piatkowska, Krystyna | |